| 000 | 00417nam a2200121Ia 4500 | ||
|---|---|---|---|
| 008 | 250110s9999 xx 000 0 und d | ||
| 041 | _aeng | ||
| 100 |
_aBardapurkar Sayali _9181652 |
||
| 245 | _aReshaping The Industrial Horizon: Empowering Users In The Pursuits Of Ecology & Environment | ||
| 260 |
_bBNCA M Arch Landscape Architecture _aPune _c2023 |
||
| 300 | _a61p | ||
| 700 |
_aGuide Name:Khatavkar Anupama _9210991 |
||
| 999 |
_c364653 _d364653 |
||